A rendezvényfelelős munkáját ismerték el Kerek Attila: a protokoll viselkedési normát jelent /

Elmentve itt :
Bibliográfiai részletek
Szerzők: Gonda Zsuzsanna
Kerek Attila
Dokumentumtípus: Cikk
Megjelent: 2005-03-16
Sorozat:Délmagyarország 95 No. 62
Kulcsszavak:Kerek Attila, Kitüntetés Magyar Köztársasági Arany Érdemkereszt
Online Access:http://dmarchiv.bibl.u-szeged.hu/134379
LEADER 00614nab a2200169 i 4500
001 delm134379
005 20191210124858.0
008 191210s2005 hu o 0|| hun d
040 |a SZTE Délmagyarország Archívum  |b hun 
041 |a hun 
100 1 |a Gonda Zsuzsanna 
245 1 2 |a A rendezvényfelelős munkáját ismerték el   |h [elektronikus dokumentum] :  |b Kerek Attila: a protokoll viselkedési normát jelent /  |c  Gonda Zsuzsanna 
260 |c 2005-03-16 
300 |a 6 
490 0 |a Délmagyarország  |v 95 No. 62 
695 |a Kerek Attila, Kitüntetés Magyar Köztársasági Arany Érdemkereszt 
700 0 1 |a Kerek Attila  |e aut